| 000 | 00414nam a2200145Ia 4500 | ||
|---|---|---|---|
| 008 | 231129s2006||||xx |||||||||||||| ||spa|| | ||
| 020 | _a958-33-9082-8 | ||
| 040 | _bspa | ||
| 082 | _a923.2 L318e | ||
| 100 | _aEcheverri Lara Luz María | ||
| 245 | 0 | _aGloria Lara: La flor de la esperanza | |
| 260 | _c2006 | ||
| 264 | _aPanamericana Formas e impresos | ||
| 942 |
_2ddc _cBKS |
||
| 999 |
_c14534 _d14534 |
||